Έργα
Αποθηκεύτηκε σε:
| Κύριος συγγραφέας: | |
|---|---|
| Άλλοι συγγραφείς: | |
| Μορφή: | Βιβλίο |
| Γλώσσα: | Greek |
| Δημοσίευση: |
Αθήνα :
Επικαιρότητα,
1977
|
| Θέματα: | |
| Ετικέτες: |
Προσθήκη ετικέτας
Δεν υπάρχουν, Καταχωρήστε ετικέτα πρώτοι!
|
MARC
| LEADER | 00000cam a2200000 i 4500 | ||
|---|---|---|---|
| 001 | 1/97713 | ||
| 008 | 950222s1977 gre d | ||
| 035 | |l 10010664 | ||
| 040 | |a GR-MY-UA |b gre |e aacr | ||
| 041 | 0 | |a gre | |
| 082 | 0 | |a 938.03 | |
| 100 | 1 | |a Σκληρός, Γιάννης Ν. | |
| 245 | 1 | 0 | |a Έργα / |c Γ. Σκληρού ; εισαγωγή-σχόλια-επιμέλεια: Λουκάς Αξελός |
| 260 | |a Αθήνα : |b Επικαιρότητα, |c 1977 | ||
| 300 | |a 580 σ. | ||
| 500 | |a Το Παράρτημα Λέσβου διαθέτει και την πρώτη έκδοση 1976 | ||
| 504 | |a Χρονογραφία σ.9-18, παράρτημα σ.559-576 | ||
| 650 | 0 | 0 | |a Social policy. |
| 650 | 0 | 0 | |a Socialists |z Greece. |
| 651 | 0 | |a Greece |x Economic conditions. | |
| 651 | 0 | |a Greece |x Social conditions. | |
| 651 | 0 | |a Greece |x Politics and government. | |
| 700 | 1 | |a Αξελός, Λουκάς, |d 1947- |4 edt | |
| 852 | |a INST |b LESVOS |e 19950222 |h 938.03 ΣΚΛ |p 005100002788 |q 005100002788 |t BK |y 0 | ||
| 852 | |a INST |b LESVOS |e 20061016 |h 938.03 ΣΚΛ |p 005100036473 |q 005100036473 |t BK |y 0 | ||
| 909 | |a Λ |b 011372 | ||
| 909 | |a Λ |b 124137 | ||
| 922 | |a 1ΕΛΗ |b 198807 |c ΠΠ/8114 | ||